000 01427cam a22003857a 4500
003 CHAP
005 20220329142915.0
008 050201d2002 mx r 00110 eng d
010 _a89500
011 _a90472
020 _a9706480943
035 _a101028
040 _cCHAP
090 _aFolleto 16930
100 0 0 _aLonghorn, Roger A.
_967581
245 1 0 _aLegal issues in the use of geospatial data and tools for agriculture and natural resource management :
_ba primer
_c/by Roger A. Longhorn, Victoria Henson-Apollonio and Jeffrey W. White
260 _aMéxico, D. F :
_bCIMMYT,
_c2002.
300 _a2 v.
505 0 _aContenido : v.1 Legal issues in the .....v.2 Executive summary
590 _aBATCH-UPD
_b10
_c20130110
_lUCH01
_h0712
590 _aBATCH-UPD
_b10
_c20130110
_lUCH01
_h2346
590 _aBATCH-UPD
_b10
_c20130410
_lUCH01
_h0358
590 _aBATCH-UPD
_b10
_c20130914
_lUCH01
_h1606
590 _aBATCH-UPD
_b10
_c20140805
_lUCH01
_h1148
590 _aCONVERSION
_b10
_c20130109
_lUCH01
_h1350
650 1 4 _aAgricultura
_xInvestigación.
_91577
650 1 4 _aRecursos naturales
_xInvestigación.
_995292
700 0 _aHenson-Apollonio, Victoria.
_953646
700 0 _aWhite, Jeffrey W.
_9121695
901 _aBK
905 _aLilia
942 _cFOLL
949 _aFolleto 16930
_bBC
_cFOLL
_d33724002000876
_eTS1
_fv.2
_i101028
_sb
949 _aFolleto 16930
_bBC
_cFOLL
_d33724002000918
_eTS1
_fv.1
_i101028
_sb
999 _c89500
_d89500